Dokończ przysłowie #3 - Statystyki

Ogólne statystyki
  • Ten quiz został rozwiązany 925 razy
    885 od ostatniego zresetowania
  • Średni wynik to 24 z 30
Statystyki odpowiedzi
Lp. Przysłowie % Poprawnych
8 Do trzech razy {sztuka}.
99%
2 Owijać w {bawełnę}.
99%
12 Co za dużo to {niezdrowo}.
98%
10 Krowa, która dużo ryczy daje mało {mleka}.
98%
22 Historia lubi się {powtarzać}
97%
15 Czym {chata} bogata.
95%
27 Raz na ruski {rok}.
95%
4 Wpaść jak {śliwka} w kompot.
95%
6 Czas {leczy} rany.
94%
18 Z deszczu pod {rynnę}.
94%
9 Lepszy {rydz} niż nic.
93%
23 Żadna {praca} nie hańbi.
92%
11 Od przybytku {głowa} nie boli.
91%
24 Tonący {brzytwy} się chwyta.
90%
25 Każdy {kij} ma dwa końce.
89%
30 Łatwo {przyszło}, łatwo poszło.
88%
28 {Ściany} mają uszy.
87%
13 Grosz do grosza a będzie {kokosza}
84%
1 Co {kraj} to obyczaj.
80%
7 Mądry {Polak} po szkodzie.
78%
20 Uderz w stół, {nożyce} się odezwą.
72%
21 Widziały {gały} co brały.
72%
14 Dobry zwyczaj - nie {pożyczaj}.
59%
3 Nie dziel skóry na {niedźwiedziu}
59%
16 Natura ciągnie {wilka} do lasu.
58%
26 Każda {pliszka} swój ogonek chwali.
51%
29 {Okazja} czyni złodzieja.
49%
5 Żołnierz {strzela}, Pan Bóg kule nosi.
48%
19 {Śpiesz} się powoli.
47%
17 {Ryba} psuje się od głowy.
44%
Nie znaleziono quizów pasujących do podanych kryteriów
Rozkład punktacji
Procent ludzi z każdym wynikiem
Percentyl według liczby udzielonych odpowiedzi
Twoja historia wyników
Nie rozwiązałeś tego quizu od ostatniego zresetowania